Catàleg del Col·legi de Periodistes de Catalunya

La crisi dels refugiats [Recurs electrònic] (Registre núm. 7986)

000 -CABECERA
Campo de control de longitud fija 00693nam a22001697a 4500
005 - FECHA Y HORA DE LA ÚLTIMA TRANSACCIÓN
Campo de control 20241128170000.0
008 - CAMPO FIJO DE DESCRIPCIÓN FIJA--INFORMACIÓN GENERAL
Campo de control de longitud fija 230717b ||||| |||| 00| 0 eng d
040 ## - FUENTE DE CATALOGACIÓN
Agencia de catalogación original CDMR
110 ## - ENCABEZAMIENTO PRINCIPAL--NOMBRE CORPORATIVO
9 (RLIN) 4391
Nombre corporativo o de jurisdicción como elemento de entrada Consell de la Informació de Catalunya
245 ## - MENCIÓN DE TÍTULO
Título La crisi dels refugiats [Recurs electrònic]
Parte restante del título : el CIC recorda el dret a la intimitat i a la pròpia imatge
Mención de responsabilidad, etc. / Fundació Consell de la Informació de Catalunya
260 ## - PUBLICACIÓN, DISTRIBUCIÓN, ETC (PIE DE IMPRENTA)
Lugar de publicación, distribución, etc. Barcelona :
Nombre del editor, distribuidor, etc. Fundació CIC,
Fecha de publicación, distribución, etc. 2016
300 ## - DESCRIPCIÓN FÍSICA
Extensión 1 recurs electrònic (2 pàgines)
650 #0 - ASIENTO SECUNDARIO DE MATERIA--TÉRMINO DE MATERIA
9 (RLIN) 983
Nombre de materia o nombre geográfico como elemento de entrada Ètica periodística
Subdivisión geográfica Catalunya
650 #0 - ASIENTO SECUNDARIO DE MATERIA--TÉRMINO DE MATERIA
9 (RLIN) 4994
Nombre de materia o nombre geográfico como elemento de entrada Refugiats
856 ## - ACCESO ELECTRÓNICO
Nota Pública Accés en línia
Identificador uniforme del recurso URI <a href="https://omeka.periodistes.cat/items/show/348">https://omeka.periodistes.cat/items/show/348</a>
942 ## - ELEMENTOS KOHA
Fuente de clasificación o esquema de ordenación en estanterías
Koha tipo de item Recursos en línia
Fons
Suprimido Perdido Fuente de clasificación o esquema de ordenación en estanterías Estropeado No se presta Localización (Biblioteca) Sublocalización o Colección (subbiblioteca) Fecha de adquisición Koha préstamos (veces que ha sido prestado) Koha signatura completa Koha Fecha de último uso Precio Koha tipo de item
          Centre de Documentació Montserrat Roig Centre de Documentació Montserrat Roig 2024-11-28   Disponible en línia 2024-11-28 2024-11-28 Recursos en línia

Implantat amb Koha